Music Quiz

Random Music or Album Quiz

Complete the Queen lyrics Quiz Stats

 Plays Quiz not verified by Sporcle

Challenge
Share
Tweet
Embed
Score 0/35 Timer 15:00
0 Plays Today
Lyric Answer % Correct
Can anybodyyyyyyyyy...find meeee
71.7%
Radio..ga ga
68.7%
Steve walks warily...down the street
59.6%
Radio...goo goo
58.6%
for me...for meeeeeeee
54.5%
She keeps...Moet et Chandon
53.5%
Buddy your a...boy make a big noise
52.5%
It's strange...but its true
50.5%
One prize...one goal
50.5%
Gimme...Fried Chicken
50.5%
Mamma mia mamma mia, mammia let me go...Beelzebub has the devil put aside for me
49.5%
I was just a skinny lad...never knew no good from bad
49.5%
I'm a racing car...passing by like lady Godiva
48.5%
It's the terror of...knowing what this world is about
48.5%
Like a tiger...defying the laws of gravity
47.5%
You brought me...fame and fortune and everything that goes
46.5%
I can't get over...the way you love me like you do
43.4%
I challenge the mighty titan...and his troubadours
42.4%
Lyric Answer % Correct
Buddy your a...young man hard man
42.4%
Buddy your an...old man poor man
40.4%
One dream...one soul
39.4%
Radio...someone still loves you
38.4%
Oooo...you make me live
35.4%
write my letter...feel much better
35.4%
Radio...whats new?
34.3%
Just gimme gimme..gimme
32.3%
you win...you lose
28.3%
So im living it all...yes im living it all
23.2%
Caviar and cigarette...well versed in ettiquette
18.2%
You say...Rolls i say Royce
16.2%
You say...God give me a choice
12.1%
Watching some good...friend screaming let me out
12.1%
Just a new man...yes you made me live again
10.1%
Oooo...you make me live now honey
10.1%
You say...Lord i say Christ
10.1%

You're not logged in!

Compare scores with friends on all Sporcle quizzes.
Join for Free
OR
Log In

You Might Also Like...

Show Comments

Extras

Top Quizzes Today


Score Distribution

Your Account Isn't Verified!

In order to create a playlist on Sporcle, you need to verify the email address you used during registration. Go to your Sporcle Settings to finish the process.

Report this User

Report this user for behavior that violates our Community Guidelines.

Details: